000 00682nam a2200241Ia 4500
005 20260430150528.0
008 008 250103s9999 xx 000 0 eng d
037 _aTheses
040 _aCRL
040 _beng
040 _ceng
041 _2eng
041 _aeng
084 _qCRL
100 _aMegha Bharti Au.; Suneja Vivek Gu.
_91237764
245 0 _aStrategic Role of Behavioral Nudges in Green Marketing: An Analysis of Compromise and Asymmetric Dominance Effects
260 _c2024
300 _a141p.
650 _aManagement
700 _aUniversity of Delhli. Management Studies. Management Studies
_91237765
942 _cTH
999 _c1850002
_d1850002